Cicatrices de la pobreza: un estudio psicoanalítico

محفوظ في:
التفاصيل البيبلوغرافية
المؤلف الرئيسي: Rodríguez Rabanal, César
التنسيق: نص
منشور في: Caracas: Nueva Sociadad
الوسوم: إضافة وسم
لا توجد وسوم, كن أول من يضع وسما على هذه التسجيلة!

MARC

LEADER 00000 a a2200000 04500
001 25793
003
040
020 |a 980-6110-49-8  
090 |a 174100  
100 |a Rodríguez Rabanal, César  
245 |a Cicatrices de la pobreza: un estudio psicoanalítico  
260 |a Caracas:   |b Nueva Sociadad  
300 |a 240 p  
999 |c 15296  |d 15296